Online Catalogue and eLibrary

Ethnicity, gender, and social change / (Record no. 560)

MARC details
000 -LEADER
fixed length control field 00972cam a2200301 a 4500
001 - CONTROL NUMBER
control field 4506274
005 - DATE AND TIME OF LATEST TRANSACTION
control field 20240311004637.0
008 - FIXED-LENGTH DATA ELEMENTS--GENERAL INFORMATION
fixed length control field 980508s1999 nyu b 001 0 eng
020 ## - INTERNATIONAL STANDARD BOOK NUMBER
ISBN 0312217633 (alk. paper)
040 ## - CATALOGING SOURCE (பட்டியலாக்க மூலம்)
Original cataloging agency DLC
Transcribing agency DLC
Modifying agency DLC
082 00 - DDC Classification
Class No. 305.3
DDC Edition Number 21
Item Number - Author Mark ETH.
245 00 - TITLE STATEMENT
Title Ethnicity, gender, and social change /
Statement of responsibility, etc. edited by Rohit Barot, Harriet Bradley, and Steve Fenton.
260 ## - PUBLICATION, DISTRIBUTION, ETC.
Place of publication, distribution, etc. New York :
Name of publisher, distributor, etc. St. Martin's Press,
Date of publication, distribution, etc. 1999.
300 ## - PHYSICAL DESCRIPTION
Extent (e.g. Volumes, Pages etc.) x, 249 p. ;
650 #0 - SUBJECT ADDED ENTRY--TOPICAL TERM
Topical term or geographic name entry element Minority women
650 #0 - SUBJECT ADDED ENTRY--TOPICAL TERM
Topical term or geographic name entry element Minority women
650 #0 - SUBJECT ADDED ENTRY--TOPICAL TERM
Topical term or geographic name entry element Women immigrants
650 #0 - SUBJECT ADDED ENTRY--TOPICAL TERM
Topical term or geographic name entry element Women immigrants
650 #0 - SUBJECT ADDED ENTRY--TOPICAL TERM
Topical term or geographic name entry element Ethnicity.
650 #0 - SUBJECT ADDED ENTRY--TOPICAL TERM
Topical term or geographic name entry element Sex role.
700 1# - ADDED ENTRY--PERSONAL NAME
Personal name Barot, Rohit.
Relator term (Role) Editor
700 1# - ADDED ENTRY--PERSONAL NAME
Personal name Bradley, Harriet.
Relator term (Role) Editor
700 1# - ADDED ENTRY--PERSONAL NAME
Personal name Fenton, Steve,
Relator term (Role) Editor
856 42 - ELECTRONIC LOCATION AND ACCESS
Uniform Resource Identifier <a href="http://www.loc.gov/catdir/bios/hol057/98019163.html">http://www.loc.gov/catdir/bios/hol057/98019163.html</a>
856 42 - ELECTRONIC LOCATION AND ACCESS
Uniform Resource Identifier <a href="http://www.loc.gov/catdir/description/hol056/98019163.html">http://www.loc.gov/catdir/description/hol056/98019163.html</a>
856 41 - ELECTRONIC LOCATION AND ACCESS
Uniform Resource Identifier <a href="http://www.loc.gov/catdir/toc/hol052/98019163.html">http://www.loc.gov/catdir/toc/hol052/98019163.html</a>
942 ## - Koha item type (Biblio)
Koha item type Books in Stacks (Lending)
Holdings
Lost status Damaged status Collection code Home library Current library Date acquired Full call number Accession Number Item type
    Lending WERC Library WERC Library 03/11/2024 305.3 ETH. 2852 Books in Stacks (Lending)

© WERC Library